Práca na diaľku, jej výhody a riziká pre podnik a zamestnanca bakalárska práca

Saved in:
Bibliographic Details
Main Author: Hečková, Kristína
Corporate Author: Fakulta podnikového manažmentu EU. Katedra manažmentu
Other Authors: Joniaková, Zuzana, 1970-
Format: Book
Language:Slovak
Published: Bratislava 2023
Tags: Add Tag
No Tags, Be the first to tag this record!

MARC

LEADER 00000nbm a2200000 4500
001 0295922
005 20240429130646.4
041 0 |a slo 
044 |a SK 
245 1 0 |a Práca na diaľku, jej výhody a riziká pre podnik a zamestnanca  |b bakalárska práca  |c Kristína Hečková ; školiteľ: Zuzana Joniaková 
264 1 |a Bratislava  |c 2023 
300 |a 66 s. 
100 1 |a Hečková, Kristína 
700 1 |a Joniaková, Zuzana, 1970- 
710 2 |a Fakulta podnikového manažmentu EU. Katedra manažmentu